000 00542nam a2200217Ia 4500
003 OSt
005 20220928141105.0
006 a|||||r|||| 00| 0
007 ta
008 220927b |||||||| |||| 00| 0 eng d
024 _a13635
037 _cTextual
040 _aSDCL
_cSDCL
_beng
041 _2eng
_aeng
082 _aO-,6L09x, L1
100 _aBronson Bertrand H Ed.
_9499062
245 0 _aSamuel Johnson.
260 _c1971
942 _hO-,6L09x, L1
_cTEXL
_2CC
999 _c816044
_d816044